• 首页
  • 本馆介绍
  • 公告通知
  • 最新文献
  • 馆藏检索
  • 电子资源
  • 读者荐购
  • 参考咨询
  • CALIS
  • 我的图书馆
  • 登录
  • 详细信息显示
  • 放入我的书架
  • 预约/预借图书
  • 作者相关作品
  • 分类相关作品
  • 丛书相关作品
  • 出版社相关作品

书目信息

  • 表格格式
  • 工作单格式
  • 卡片格式
题名:
活学活用博弈学
    
 
作者: 刘民 编著
分册:  
出版信息: 北京   中国华侨出版社  2010.04
页数: 278页
开本: 24cm
丛书名:
单 册:
中图分类: O225-49
科图分类:
主题词: 博弈论--bo yi lun--普及读物
电子资源:
ISBN: 978-7-5113-0185-7
 
 
 
 
 
000 00890nam0 2200217 450
001 CAL 012010119558
005 20111230085041.93
010    @a978-7-5113-0185-7@dCNY30.00
100    @a20100518d2010 ekmy0chiy0121 ea
101 0  @achi
102    @aCN@b110000
105    @aak z 000yy
200 1  @a活学活用博弈学@Ahuo xue huo yong bo yi xue@f刘民编著
210    @a北京@c中国华侨出版社@d2010.04
215    @a278页@c图@d24cm
330    @a我们生活在一个充满博弈的世界里,每个人的生活就是由一局又一局的博弈组成,只有用博弈的眼光去了解生活,用博弈的策略武装自己,用博弈来诠释自己的生活,你才是一个智慧的人。本书由浅入深,就博弈学理论、实践进行了系统的分析。对于指导人们日常生活,为人处世等方面提供了良好的借鉴。
606 0  @a博弈论@Abo yi lun@j普及读物
690    @aO225-49@v4
701  0 @a刘民@Aliu min@4编著
801  0 @aCN@bBTBU@c20111230
905    @a郑州市财税学校图书馆@dO225-49@eL655@f3
    
    活学活用博弈学/刘民编著.-北京:中国华侨出版社,2010.04
    278页:图;24cm
    
    
    ISBN 978-7-5113-0185-7:CNY30.00
    我们生活在一个充满博弈的世界里,每个人的生活就是由一局又一局的博弈组成,只有用博弈的眼光去了解生活,用博弈的策略武装自己,用博弈来诠释自己的生活,你才是一个智慧的人。本书由浅入深,就博弈学理论、实践进行了系统的分析。对于指导人们日常生活,为人处世等方面提供了良好的借鉴。
●
相关链接 在E读中查询图书 在当当中查询图书 在豆瓣中查询图书


正题名:活学活用博弈学     索取号:O225-49/L655         预约/预借

序号 登录号 条形码 馆藏地/架位号 状态 备注
1 1187263   211872632   自科库401/401自科库 48排4列4层/ [索取号:O225-49/L655] 在馆    
2 1187264   211872641   自科库401/401自科库 48排4列4层/ [索取号:O225-49/L655] 在馆    
3 1187265   211872650   自科库401/401自科库 48排4列4层/ [索取号:O225-49/L655] 在馆    
河南城建学院图书馆 欢迎您!
大连网信软件有限公司© 版权所有